| 000 | 00626nam a2200181Ia 4500 | ||
|---|---|---|---|
| 008 | 090124s9999 xx 000 0 und d | ||
| 082 |
_b29678 _a7246 |
||
| 100 | _aढोले संजय | ||
| 245 | _a प्रतिशोध (विज्ञान कथासंग्रह) | ||
| 250 | _a1 | ||
| 260 | _c1998 | ||
| 300 | _a158 | ||
| 600 | _aढोले संजय | ||
| 630 | _a प्रतिशोध (विज्ञान कथासंग्रह) | ||
| 700 | _aढोले संजय | ||
| 730 | _a प्रतिशोध (विज्ञान कथासंग्रह) | ||
| 942 | _cBOOK | ||
| 999 |
_c143160 _d143160 |
||